Daň z přidané hodnoty a její aplikace ve vybraných zemích světa

Saved in:
Bibliographic Details
Main Author: Mervart, Josef
Other Authors: Vavrejnová, Marie
Format: Book
Language:Czech
Published: Praha Ústřední ústav národohospodářského výzkumu 1991
Tags: Add Tag
No Tags, Be the first to tag this record!

MARC

LEADER 00000nam a2200000 4500
001 c034140
005 20250526093546.0
041 0 |a cze 
044 |a CZ 
245 1 0 |a Daň z přidané hodnoty a její aplikace ve vybraných zemích světa  |c Josef Mervart, Marie Vavrejnová 
264 1 |a Praha  |b Ústřední ústav národohospodářského výzkumu  |c 1991 
300 |a 67 s. 
100 1 |a Mervart, Josef 
700 1 |a Vavrejnová, Marie